Score 0/25 Timer 03:00
0 Plays Today
Show Word % Correct
Saturday _____ LiveNight
98%
Charlie's ______Angels
97.4%
Little _____ on the PrairieHouse
97.3%
Three's _______Company
95.8%
Happy ____Days
95.3%
The ___ CoupleOdd
95%
All in the ______Family
91.7%
_______ & HutchStarsky
90.8%
Fantasy ______Island
89.1%
The Bad News _____Bears
88.2%
Battlestar _________Galactica
87.5%
_______ & ShirleyLaverne
84.5%
Once ____ a ClassicUpon
84.5%
Show Word % Correct
Eight Is ______Enough
84.3%
Welcome Back, ______Kotter
75.9%
The _______ 5iveJackson
70.9%
The ________ FilesRockford
70.6%
______ WomanWonder
70.3%
The _________ FamilyPartridge
67.3%
______, M.E.Quincy
66.4%
Barney ______Miller
63.1%
_______ John, M.D.Trapper
58.6%
New ___ RevueZoo
57%
The _____ LawyersYoung
55.1%
_________ SoupVegetable
39.4%

Today's Daily Dose

Missing Word
I Hardly Know Her!

Word Ladder
Sentence Ending

Quick Pick
Female Firsts

Get the Picture
Triathlon Sports

Remove Ads.
Support Sporcle.
Get the best of Sporcle when you Go Orange. This ad-free experience offers more features, more stats, and more fun while also helping to support Sporcle. Thank you for becoming a member.

You're not logged in!

Compare scores with friends on all Sporcle quizzes.
OR
Log In

Show Comments

Extras

Top Quizzes Today


Score Distribution

Your Account Isn't Verified!

In order to create a playlist on Sporcle, you need to verify the email address you used during registration. Go to your Sporcle Settings to finish the process.

Report this User

Report this user for behavior that violates our Community Guidelines.

Details: